000 00329nam a2200133Ia 4500
005 20251222141849.0
008 251222s9999||||xx |||||||||||||| ||spa||
020 _a8497182839
082 _a708/J89
245 0 _aCatálogo de Obras Restauradas 1999-2003
250 _a1ra.ed.
264 _bJunta de Castilla y León
942 _cLIB
999 _c7679
_d7679